000 00949cam a2200301 a 4500
001 36955
005 20230410115903.0
008 950223s1995 nyu b 001 0 eng
035 _a3032191
942 _2lcc
_cbk
035 _9(DLC) 95008037
010 _a 95008037
020 _a0415909368 (cloth)
020 _a0415909376 (pbk.)
040 _aDLC
_cDLC
_dDLC
041 _aeng
050 1 4 _aHQ 1190
_bC669 1995
082 0 0 _a305.42/01
_220
100 1 _aCode, Lorraine.
245 1 0 _aRhetorical spaces :
_bessays on gendered locations /
_cLorraine Code.
260 _aNew York :
_bRoutledge,
_c1995.
300 _axvii, 258 p. ;
_c24 cm.
504 _aIncludes bibliographical references (p. 235-246) and index.
650 0 _aFeminist theory.
650 0 _aKnowledge, Theory of.
856 4 2 _3Publisher description
_uhttp://www.loc.gov/catdir/enhancements/fy0651/95008037-d.html
920 _a**LC HAS REQ'D # OF SHELF COPIES**
999 _c49865
_d49865